Statistics for Lord of the Rings Trivia

Click here to take the quiz!

General Stats

  • This quiz has been taken 4,293 times
    (4,133 since last reset)
  • The average score is 10 of 15

Answer Stats

HintAnswer% Correct
The country LotR was filmed inNew Zealand
94%
Gollum's given nameSmeagol
92%
Gandalf's horseShadowfax
89%
The creature that drags Gandalf into the chasmThe Balrog of Morgoth
85%
The actor who played AragornViggo Mortensen
77%
Boromir and Faramir's father's nameDenethor
76%
Saruman's servantGrima Wormtongue
75%
Elven breadLembas
73%
Pippin's full namePeregrin Took
69%
Galadriel's husbandCeleborn
66%
Merry's full nameMeriadoc Brandybuck
58%
Where Frodo was stabbed by the RingwraithsWeathertop
53%
Sam's wifeRosie Cotton
48%
Race of elf Legolas isWood Elf
40%
Tower Frodo was imprisoned in (after Shelob's bite)Cirith Ungol
31%

Score Distribution

Percentile by Number Answered

Percent of People with Each Score

Your Score History

You have not taken this quiz since the last reset